Gas engine manual
Gespeichert in:
| Hauptverfasser: | , |
|---|---|
| Format: | Buch |
| Sprache: | Englisch |
| Veröffentlicht: |
Boston
Theodore Audel
1985
|
| Ausgabe: | 3a. ed |
| Schlagworte: | |
| Tags: |
Tag hinzufügen
Keine Tags, Fügen Sie den ersten Tag hinzu!
|
MARC
| LEADER | 00000nam a2200000 a 4500 | ||
|---|---|---|---|
| 001 | UCP1358 | ||
| 003 | CL-VaPUC | ||
| 008 | 990409e19850000US |||||||||||||||||eng|d | ||
| 082 | 0 | 4 | |a 621.433 |b AND |2 21 |
| 100 | 0 | |a Anderson, Edwin P |e author |9 427352 | |
| 700 | 0 | |a Facklam, Charles G |e author |9 427353 | |
| 245 | 1 | 0 | |a Gas engine manual |
| 250 | |a 3a. ed | ||
| 300 | |a 413 p | ||
| 942 | |c BK | ||
| 945 | |d 19990409 00:00:00 |a cmena | ||
| 260 | |a Boston |b Theodore Audel |c 1985 | ||
| 650 | 0 | |a Motores |9 334293 | |
| 650 | 0 | |a Motores de gas |9 306218 | |
| 650 | 0 | |a Motores de combustión interna |9 261038 | |
| 650 | 7 | |a TURBOMAQUINARIA |2 CL-VaPUC |9 336932 | |
| 650 | 7 | |a MANTENCION Y REPARACION |2 CL-VaPUC |9 427354 | |
| 650 | 0 | |a Componentes del motor |9 306216 | |
| 650 | 7 | |a CARBURACION |2 CL-VaPUC |9 364033 | |
| 583 | |a last modification |c 19990409 00:00:00 |k Rodrigo Vera | ||
| 999 | |c 280040 |d 280038 | ||